| 000 | 00695nam a2200241Ia 4500 | ||
|---|---|---|---|
| 003 | OSt | ||
| 005 | 20220924122649.0 | ||
| 006 | a|||||r|||| 00| 0 | ||
| 007 | ta | ||
| 008 | 220923b |||||||| |||| 00| 0 urd d | ||
| 024 | _a316849 | ||
| 037 | _cTextual | ||
| 040 |
_aARTS _cARTS _burd |
||
| 041 |
_2urd _aurd |
||
| 082 | _aO168,3M46x, J7 | ||
| 100 | _aSarshar Ratan Nath | ||
| 245 | 0 | _aMaharaj Bali | |
| 260 |
_aLucknow _bIdara-e-Forogh Urdu India _c1957 |
||
| 650 |
_aURDU FICTION _93298 |
||
| 700 |
_a Farooqi Mohammad Hasan Ed. _9190270 |
||
| 942 |
_hO168,3M46x, J7 _cTEXL _2CC |
||
| 999 |
_c412554 _d412554 |
||